GAMS : release 2.25 : a user's guide / (Record no. 152)
[ view plain ]
| 000 -LEADER | |
|---|---|
| fixed length control field | 00777nam a22001577a 4500 |
| 008 - FIXED-LENGTH DATA ELEMENTS--GENERAL INFORMATION | |
| fixed length control field | 111004t xxu||||| |||| 00| 0 eng d |
| 020 ## - INTERNATIONAL STANDARD BOOK NUMBER | |
| International Standard Book Number | 0894262130 9780894262135 |
| 050 ## - LIBRARY OF CONGRESS CALL NUMBER | |
| Classification number | D5646.36.F3 |
| 245 ## - TITLE STATEMENT | |
| Title | GAMS : release 2.25 : a user's guide / |
| Statement of responsibility, etc. | Anthony, Brooke |
| 260 ## - PUBLICATION, DISTRIBUTION, ETC. | |
| Place of publication, distribution, etc. | South San Francisco, |
| Name of publisher, distributor, etc. | Scientific Press: |
| Date of publication, distribution, etc. | 1992. |
| 505 ## - FORMATTED CONTENTS NOTE | |
| Formatted contents note | Contents / Introduction -- A Gams tutorial -- The Gams language -- Set definitons -- Data entry : parameters, scalers & tables -- Data manipulation with parameters -- Variables -- Equations -- Model & solve statements -- Gams output -- Dynamic sets -- Sets as sequences: dynamic models. |
| 650 ## - SUBJECT ADDED ENTRY--TOPICAL TERM | |
| Topical term or geographic name entry element | GAMS (Computer program language) |
| 650 ## - SUBJECT ADDED ENTRY--TOPICAL TERM | |
| Topical term or geographic name entry element | Mathematical models |
| General subdivision | Data processing. |
| 700 ## - ADDED ENTRY--PERSONAL NAME | |
| Personal name | KENDRICK, David. |
| 942 ## - ADDED ENTRY ELEMENTS (KOHA) | |
| Source of classification or shelving scheme | Library of Congress Classification |
| Koha item type | Books |
| Withdrawn status | Lost status | Source of classification or shelving scheme | Damaged status | Not for loan | Home library | Current library | Shelving location | Date acquired | Total Checkouts | Full call number | Barcode | Date last seen | Copy number | Price effective from | Koha item type |
|---|---|---|---|---|---|---|---|---|---|---|---|---|---|---|---|
| Library of Congress Classification | WISCONSIN INTERNATIONAL UNIVERSITY COLLEGE, GHANA - MAIN LIBRARY | WISCONSIN INTERNATIONAL UNIVERSITY COLLEGE, GHANA - MAIN LIBRARY | General Stacks | 04/10/2011 | D5646.36.F3 | 385/11 | 04/10/2011 | 1 | 04/10/2011 | Books |
